Nepřímé financování veřejnoprávních vědeckých institucí a dalších subjektů v oblasti výzkumu a vývoje
Ciele a formy daňovej podpory. Klady a zápory. Formy daňových podpôr. Daňová podpora pre verejné inštitúcie v oblasti vedy a výskumu.
Guardado en:
| Autor principal: | |
|---|---|
| Formato: | Capítulo de libro |
| Lenguaje: | checo |
| Materias: | |
| Etiquetas: |
Sin Etiquetas, Sea el primero en etiquetar este registro!
|
MARC
| LEADER | 00000naa$a2200000$$$4500 | ||
|---|---|---|---|
| 001 | 0002578 | ||
| 005 | 20231003120015.7 | ||
| 041 | 0 | |a cze | |
| 044 | |a CZ | ||
| 245 | 1 | 0 | |a Nepřímé financování veřejnoprávních vědeckých institucí a dalších subjektů v oblasti výzkumu a vývoje |c aut. Alena Vančurová |
| 520 | |a Ciele a formy daňovej podpory. Klady a zápory. Formy daňových podpôr. Daňová podpora pre verejné inštitúcie v oblasti vedy a výskumu. | ||
| 610 | 2 | 0 | |a financovanie vedy |
| 610 | 2 | 0 | |a financovanie výskumu |
| 610 | 2 | 0 | |a financovanie vývoja |
| 610 | 2 | 0 | |a dane |
| 610 | 2 | 0 | |a oslobodenie od daní |
| 610 | 2 | 0 | |a inštitúcie verejnoprávne |
| 100 | 1 | |a Vančurová, Alena | |